000 00358 a2200157 4500
001 182866
020 _a
040 _cMagnum
100 _aVieira, Thereza Freire
240 1 0 _aAnderson fabiano: o poeta das cores
_lpor
245 1 0 _aAnderson fabiano: o poeta das cores
300 _a150
362 0 _a1995
697 _aLITERATURA GERAL
942 _cBK
999 _c182866
_d182866